La sed /

Guardat en:
Dades bibliogràfiques
Autor principal: Bonet, Paula (autor e ilustración)
Format: Llibre
Idioma:espanyol
Publicat: Barcelona, España : Lunwerg, 2016, c2016
Matèries:
Etiquetes: Afegir etiqueta
Sense etiquetes, Sigues el primer a etiquetar aquest registre!

MARC

LEADER 00000nam^a2200000^a^4500
001 000433534
005 20250521000000.0
008 211029
009 20260310123044.03
020 |a 978-84-16489-85-5 
037 |a Acervo ITESO - Biblioteca 
041 |a ESP 
082 |a 863.  |b BON 
100 |a Bonet, Paula  |e (autor e ilustración) 
245 1 3 |a La sed /  |c P. Bonet. 
264 4 |a Barcelona, España :  |b Lunwerg,  |c 2016, c2016 
300 |a 331 p. 
336 |a texto  |b txt  |2 rdacontenido 
337 |a sin mediación  |b n  |2 rdamedio 
338 |a volumen  |b nc  |2 rdasoporte 
649 |a XX 
650 |a Relaciones de Pareja en la Literatura 
650 |a Novela Española 
650 |a Literatura Española -  |y Siglo XXI 
650 |a Literatura de Mujeres -  |z España 
910 |a Fondo General 
920 |a Impresos - Libros 
930 |a Reserva Especial 
940 |a Literatura 
905 |a 103 
901 |a 0500350056  |b IT1  |c REE  |i C160846  |u 20250521 
902 |a https://opac.biblio.iteso.mx/vufind/Record/000433534